Statistiken für Alle Bundeskanzler Deutschlands

Klicken Sie hier um das Quiz zu spielen!

Allgemein

  • Dieses Quiz wurde 116 mal gespielt
  • Das Durchschnittsergebnis liegt bei 8 aus 9

Antwortstatistiken

Regierte vonBundeskanzler% Korrekt
2005-2021Angela Merkel
100%
2021-Olaf Scholz
99%
1949-1963Konrad Adenauer
98%
1982-1998Helmut Kohl
94%
1998-2005Gerhard Schröder
92%
1974-1982Helmut Schmidt
89%
1969-1974Willy Brand
83%
1966-1969Kurt Georg Kiesinger
75%
1963-1966Ludwig Erhard
72%

Verteilung der Resultate

Perzentil nach korrekt beantworteten Fragen

Anzahl Personen mit jedem Resultat

Ihre Resultats-Entwicklung

Sie haben dieses Quiz noch nicht gespielt